Rosa Milan campione d'Italia 2010-11 - Statistics

Statistiche generali
  • Questo quiz è stato fatto 104 volte
  • Il punteggio medio è 21 su 35
Statistiche sulle risposte
Numero Ruolo Giocatore Nazionalità % Corretto
11 ATT Zlatan Ibrahimović Svezia
100%
32 POR Christian Abbiati Italia
96%
8 CEN Gennaro Gattuso Italia
93%
7 ATT Alexandre Pato Brasile
91%
13 DIF Alessandro Nesta Italia
89%
9 ATT Filippo Inzaghi Italia
89%
21 CEN Andrea Pirlo Italia
84%
33 DIF Thiago Silva Brasile
84%
10 CEN Clarence Seedorf Paesi Bassi
81%
70 ATT Robinho Brasile
79%
1 POR Marco Amelia Italia
75%
(80) (ATT) (Ronaldinho) (Brasile)
75%
4 CEN Mark van Bommel Paesi Bassi
73%
99 ATT Antonio Cassano Italia
70%
23 CEN Massimo Ambrosini Italia
70%
27 CEN Kevin-Prince Boateng Ghana
67%
20 DIF Ignazio Abate Italia
65%
16 CEN Mathieu Flamini Francia
65%
18 DIF Marek Jankulovski Repubblica Ceca
58%
76 DIF Mario Yepes Colombia
56%
15 DIF Sōkratīs Papastathopoulos Grecia
56%
77 DIF Luca Antonini Italia
54%
(5) (DIF) (Oguchi Onyewu) (Stati Uniti)
51%
14 CEN Rodney Strasser Sierra Leone
49%
52 CEN Alexander Merkel Kazakistan
48%
19 DIF Gianluca Zambrotta Italia
48%
28 CEN Urby Emanuelson Paesi Bassi
46%
25 DIF Daniele Bonera Italia
41%
90 ATT Nnamdi Oduamadi Nigeria
38%
30 POR Flavio Roma Italia
33%
17 DIF Massimo Oddo Italia
31%
35 DIF Dídac Vilà Spagna
30%
51 ATT Giacomo Beretta Italia
10%
66 DIF Nicola Legrottaglie Italia
10%
(22) (DIF) (Bruno Montelongo) (Uruguay)
2%
Nessun quiz corrispondente trovato
Distribuzione punteggi
Percentuale di utenti per punteggio
Percentile per numero di risposta
I tuoi punteggi nel tempo
Non hai fatto questo quiz